000 00528nam a2200205Ia 4500
005 20250923144341.0
008 008 250917s9999 xx 000 0 eng d
037 _aTextual
040 _aDSWL
_beng
_cDSWL
041 _aeng
_2eng
084 _aT, H4
_qDSWL
100 _aLivingstone, S.R
_9823963
245 0 _aEducation for a world adrift
_cby S.R Livingstone
260 _c1944
300 _a158 p.
365 _aINR
_b3.6
925 _g3.6
942 _cTEXL
_hT, H4
999 _c1437765
_d1437765